000 00481nam a22001217a 4500
999 _c10218
_d10218
003 OSt
008 201218b ||||| |||| 00| 0 eng d
245 _aIETE Journal of Research
250 _a2014(Jan-Feb Vol.60 No.1, Mar-Apr Vol.60 No.2, May-Jun Vol.60 No.3, Jul-Aug Vol.60 No.4, Sep-Oct Vol.60 No.5, Nov-Dec Vol.60 No.6)
260 _aNew Delhi
_bInstitution of Electronics and Telecommunication Engineers
650 _aElectronics and Communication Engineering
942 _2ddc
_cBV